| 000 | 00882nam a22002417a 4500 | ||
|---|---|---|---|
| 010 | _a859391 | ||
| 020 | _c30.00 | ||
| 035 | _a859391 | ||
| 037 | _aCen Lib / Ret | ||
| 040 |
_aDPL _bHN |
||
| 082 |
_a220.21 _bवेदऋ |
||
| 245 |
_aऋगवेद : _bभाषा-भाष्य / |
||
| 246 | _aRigved : Bhasha Bhashy / | ||
| 260 |
_aनई दिल्ली _bसर्वदेशिक आर्य प्रतिनिधि सभा |
||
| 270 |
_bनई दिल्ली _aमहर्षि दयानन्द भवन, रामलीला मैदान _e110002 |
||
| 300 |
_a1246p. _b22cm. |
||
| 490 |
_aचौखम्बा संस्कृत ग्रन्थमाला _v94 |
||
| 650 | _aऋगवेद | ||
| 650 | _aवेद | ||
| 650 | _aRigveda | ||
| 650 | _aVeda | ||
| 942 |
_2ddc _cHN _h220.21 _mवेदऋ |
||
| 999 |
_c122238 _d122238 |
||